WWE - Luke Harper's PPV Opponents - Statistics

General Stats
  • This quiz has been taken 559 times
  • The average score is 43 of 50
Answer Stats
Year Event Match Type Answer % Correct
2014 Elimination Chamber 6-Man Tag Team Match Dean Ambrose
95%
2014 Survivor Series 5 vs. 5 Elimination Match John Cena
95%
2014 Elimination Chamber 6-Man Tag Team Match Roman Reigns
95%
2013 Survivor Series Tag Team Match Daniel Bryan
94%
2013 TLC 3-on-1 Handicap Match Daniel Bryan
94%
2015 WrestleMania 31 7-Man Ladder Match Daniel Bryan
94%
2018 Extreme Rules Tag Team Match Daniel Bryan
94%
2019 Hell in a Cell Tag Team Match Daniel Bryan
94%
2015 WrestleMania 31 7-Man Ladder Match Dean Ambrose
94%
2015 Extreme Rules Chicago Street Fight Dean Ambrose
94%
2015 SummerSlam Tag Team Match Dean Ambrose
94%
2015 Night of Champions 6-Man Tag Team Match Dean Ambrose
94%
2014 Survivor Series 5 vs. 5 Elimination Match Dolph Ziggler
93%
2014 TLC Ladder Match Dolph Ziggler
93%
2015 WrestleMania 31 7-Man Ladder Match Dolph Ziggler
93%
2015 SummerSlam Tag Team Match Roman Reigns
93%
2015 Night of Champions 6-Man Tag Team Match Roman Reigns
93%
2019 Hell in a Cell Tag Team Match Roman Reigns
93%
2014 Elimination Chamber 6-Man Tag Team Match Seth Rollins
93%
2014 Survivor Series 5 vs. 5 Elimination Match The Big Show
92%
2016 Fastlane 6-Man Tag Team Match The Big Show
92%
2014 Survivor Series 5 vs. 5 Elimination Match Erick Rowan
91%
2017 Backlash Erick Rowan
91%
2015 Survivor Series Tag Team Match Kane
91%
2016 Fastlane 6-Man Tag Team Match Kane
91%
2016 Survivor Series (Kick-Off Show) Kane
91%
2018 Extreme Rules Tag Team Match Kane
91%
2018 WrestleMania 34 3-Team Match Big E
90%
2018 SummerSlam Tag Team Match Big E
90%
2018 WrestleMania 34 3-Team Match Kofi Kingston
90%
2017 Elimination Chamber Randy Orton
90%
2018 SummerSlam Tag Team Match Xavier Woods
90%
2014 Money in the Bank Tag Team Match Jey Uso
89%
2014 Battleground 2 out of 3 Falls Tag Team Match Jey Uso
89%
2018 WrestleMania 34 3-Team Match Jey Uso
89%
2014 Money in the Bank Tag Team Match Jimmy Uso
89%
2014 Battleground 2 out of 3 Falls Tag Team Match Jimmy Uso
89%
2018 WrestleMania 34 3-Team Match Jimmy Uso
89%
2014 Survivor Series 5 vs. 5 Elimination Match Ryback
86%
2016 Fastlane 6-Man Tag Team Match Ryback
86%
2015 Survivor Series Tag Team Match The Undertaker
81%
2015 WrestleMania 31 7-Man Ladder Match Bad News Barrett
76%
2015 Night of Champions 6-Man Tag Team Match Chris Jericho
72%
2015 WrestleMania 31 7-Man Ladder Match R-Truth
72%
2015 WrestleMania 31 7-Man Ladder Match Stardust
71%
2013 Survivor Series Tag Team Match CM Punk
69%
2018 Money in the Bank (Kick-Off Show) Tag Team Match Karl Anderson
39%
2017 Clash of Champions Tag Team Match Fandango
38%
2018 Money in the Bank (Kick-Off Show) Tag Team Match Luke Gallows
38%
2017 Clash of Champions Tag Team Match Tyler Breeze
37%
No matching quizzes found
Score Distribution
Percent of People with Each Score
Percentile by Number Answered
Your Score History
You have not taken this quiz